[Event "QA-ANNIV-06"]
[Site "http://www.queenalice.com/game.php?id=966933"]
[Date "2011.7.31"]
[Round "5"]
[White "Danado"]
[Black "Markan"]
[Result "0-1"]
[WhiteElo "1542"]
[BlackElo "1801"]

1. e4 e5 2. a3 Nf6 3. d4 Nxe4 4. Bc4 Be7 5. Qf3 d5 6. Bd3 exd4 7. Bxe4 dxe4 8.
Qxe4 O-O 9. Nf3 c5 10. Ng5 Bxg5 11. Bxg5 Qe8 12. Qxe8 Rxe8+ 13. Kd2 h6 14. Bf4
Nc6 15. c3 Bf5 16. Re1 dxc3+ 17. Nxc3 Rad8+ 0-1

[Event "AUTO-ADV-2152"]
[Site "http://www.queenalice.com/game.php?id=991577"]
[Date "2011.9.30"]
[Round "2"]
[White "Markan"]
[Black "Patou"]
[Result "0-1"]
[WhiteElo "1846"]
[BlackElo "2023"]

1. e4 c6 2. d3 d5 3. exd5 cxd5 4. Nf3 Bg4 5. h3 Bh5 6. Be2 e6 7. O-O Nf6 8. Ne5
Bxe2 9. Qxe2 Bd6 10. Be3 Bxe5 11. Bg5 Bxb2 0-1

[Event "QA-ANNIV-07"]
[Site "http://www.queenalice.com/game.php?id=992148"]
[Date "2011.10.1"]
[Round "2"]
[White "jeffcom2f"]
[Black "Markan"]
[Result "0-1"]
[WhiteElo "1906"]
[BlackElo "1820"]

1. b3 d5 2. Bb2 e6 3. e3 b6 4. Ne2 Ba6 5. Nd4 Bxf1 6. Rxf1 Qd7 7. Qf3 Nf6 8. Nc3
Bc5 9. O-O-O Nc6 10. Nxc6 Qxc6 11. Ne2 Rg8 12. d4 Bd6 13. Nf4 Ne4 14. Qh5 Nc3
15. Bxc3 Qxc3 16. Nxe6 Ba3+ 0-1

[Event "FranzMeM-2"]
[Site "http://www.queenalice.com/game.php?id=993753"]
[Date "2011.10.5"]
[Round "3"]
[White "Markan"]
[Black "juli1"]
[Result "0-1"]
[WhiteElo "1836"]
[BlackElo "1974"]

1. e4 c5 2. d3 Nc6 3. Be3 d6 4. g3 Qb6 5. b3 Nf6 6. Bg2 Ng4 7. Qd2 Nxe3 8. Qxe3
g6 9. a3 Bg7 10. Ra2 Be6 11. Nd2 Qa5 12. Ne2 Nb4 13. c3 Nxa2 0-1

[Event "AUTO-OPEN-2589"]
[Site "http://www.queenalice.com/game.php?id=1023500"]
[Date "2012.1.31"]
[Round "1"]
[White "cheleazul"]
[Black "Markan"]
[Result "1-0"]
[WhiteElo "2170"]
[BlackElo "1835"]

1. d4 d5 2. Nf3 e6 3. Bf4 Bd6 4. Bxd6 Qxd6 5. c4 dxc4 6. Nbd2 b5 7. a4 c6 8. b3
cxb3 9. Qxb3 a6 10. e4 Nh6 11. axb5 cxb5 12. Bxb5+ 1-0

[Event "AUTO-OPEN-2589"]
[Site "http://www.queenalice.com/game.php?id=1023501"]
[Date "2012.1.31"]
[Round "1"]
[White "Markan"]
[Black "cheleazul"]
[Result "0-1"]
[WhiteElo "1838"]
[BlackElo "2168"]

1. e4 Nc6 2. d4 e5 3. d5 Nce7 4. Nf3 Ng6 5. g3 Bc5 6. Bh3 h6 7. b3 d6 8. Bxc8
Qxc8 9. Qe2 Nf6 10. Ba3 Bb6 11. Nbd2 O-O 12. h4 Ng4 0-1

[Event "AUTO-ADV-2392"]
[Site "http://www.queenalice.com/game.php?id=1023523"]
[Date "2012.1.31"]
[Round "1"]
[White "Markan"]
[Black "hugo2011"]
[Result "0-1"]
[WhiteElo "1857"]
[BlackElo "1773"]

1. e4 e5 2. Nf3 Nc6 3. Bb5 Nd4 4. Nxd4 exd4 5. Be2 d5 6. exd5 Qxd5 7. O-O Nf6 8.
d3 Bd6 9. c3 g6 10. Bf3 Qb5 11. c4 Qc5 12. Bd2 c6 13. Re1+ Be6 14. a3 O-O 15.
Bb4 Qg5 16. Bxd6 Rfd8 17. Bb4 Bg4 18. Bxg4 Nxg4 19. Qf3 h5 0-1

[Event "AUTO-ADV-2392"]
[Site "http://www.queenalice.com/game.php?id=1023524"]
[Date "2012.1.31"]
[Round "1"]
[White "hugo2011"]
[Black "Markan"]
[Result "1-0"]
[WhiteElo "1784"]
[BlackElo "1801"]

1. e4 e5 2. Nf3 d6 3. Nc3 Bg4 4. Bc4 Nf6 5. d3 c6 6. h3 Bxf3 7. Qxf3 Nbd7 8. Bg5
Be7 9. g4 h6 10. Bxf6 Nxf6 11. O-O-O Qd7 12. Qf5 Qxf5 13. gxf5 Nd7 14. Rhg1 Bg5+
15. Kb1 Nc5 16. d4 exd4 17. Rxd4 O-O-O 18. b4 Nd7 19. Rxd6 Nb6 20. Rxd8+ 1-0

[Event "AUTO-ADV-2392"]
[Site "http://www.queenalice.com/game.php?id=1023525"]
[Date "2012.1.31"]
[Round "1"]
[White "Markan"]
[Black "justeldiablo"]
[Result "0-1"]
[WhiteElo "1832"]
[BlackElo "1825"]

1. e4 c5 2. d3 Nc6 3. Be3 e5 4. Nf3 d6 5. g3 Bg4 6. Bg2 Qa5+ 7. Bd2 Qb6 8. h3
Bxf3 9. Bxf3 Qxb2 10. Nc3 Nd4 11. Rb1 Qa3 12. Nd5 O-O-O 13. O-O Nf6 14. Nxf6
gxf6 15. Bg4+ Kc7 16. c3 Nb5 17. Rxb5 a6 18. Rb1 d5 0-1

[Event "AUTO-ADV-2392"]
[Site "http://www.queenalice.com/game.php?id=1023526"]
[Date "2012.1.31"]
[Round "1"]
[White "justeldiablo"]
[Black "Markan"]
[Result "1-0"]
[WhiteElo "1841"]
[BlackElo "1816"]

1. c4 d5 2. d4 c6 3. cxd5 cxd5 4. Nc3 e6 5. Qb3 Nf6 6. Bg5 h6 7. Bxf6 gxf6 8.
Nf3 b6 9. e4 Bb7 10. Bb5+ Bc6 11. O-O a6 12. Bxc6+ Nxc6 13. exd5 Na5 14. Qd1
exd5 15. Nh4 Qd7 16. Qf3 O-O-O 17. Qxf6 Nc4 18. b3 Be7 19. Qf4 1-0

[Event "AUTO-ADV-2392"]
[Site "http://www.queenalice.com/game.php?id=1023527"]
[Date "2012.1.31"]
[Round "1"]
[White "Markan"]
[Black "danielglowinski"]
[Result "0-1"]
[WhiteElo "1850"]
[BlackElo "2027"]

1. e4 e6 2. d4 d5 3. e5 c5 4. c3 cxd4 5. cxd4 Nc6 6. Be3 Qb6 7. Qc2 Nge7 8. Nf3
Nf5 9. a3 f6 10. Nc3 fxe5 11. Na4 Qa5+ 12. b4 Bxb4+ 13. axb4 Nxb4 0-1

[Event "AUTO-ADV-2392"]
[Site "http://www.queenalice.com/game.php?id=1023528"]
[Date "2012.1.31"]
[Round "1"]
[White "danielglowinski"]
[Black "Markan"]
[Result "1-0"]
[WhiteElo "2060"]
[BlackElo "1865"]

1. e4 e5 2. Nf3 d6 3. d4 exd4 4. Nxd4 c5 5. Bb5+ Bd7 6. Bxd7+ Qxd7 7. Nf5 g6 8.
Ne3 Bg7 9. Nc4 Nf6 10. Nxd6+ Kf8 11. O-O Nc6 12. Nc3 Nd4 13. e5 Ng4 14. f4 Bh6
15. Nce4 b6 16. c3 Nc6 17. h3 Ngxe5 18. fxe5 Bxc1 19. Qxc1 1-0